000 00228nam a22000977a 4500
008 170125b xxu||||| |||| 00| 0 eng d
041 _aeng
080 _28TH
_a618.2
245 _aHEALTH/ THE BASICS
_cDONATELLE, R.J
942 _2udc
_cBK
999 _c3607
_d3607